[Event "EU-ch Seniors 65 22nd"]
[Site "Acqui Terme"]
[Date "2023.06.01"]
[Round "7"]
[White "Vepkhvishvili, Varlam"]
[Black "Wengholm, Anders"]
[Result "0-1"]
[WhiteElo "2037"]
[BlackElo "2167"]
[PlyCount "64"]
[EventDate "2023.05.26"]
[EventType "swiss"]
[EventRounds "9"]
[EventCountry "ITA"]
[SourceTitle "CBM 214 Extra"]
[Source "ChessBase"]
[SourceDate "2023.07.31"]
[SourceVersion "1"]
[SourceVersionDate "2023.07.31"]
[SourceQuality "1"]

1. d4 d5 2. Bf4 e6 3. c3 Bd6 4. Bxd6 Qxd6 5. Nf3 Nd7 6. Nbd2 Ngf6 7. e3 0-0 8. Be2 e5 9. 0-0 e4 10. Ne1 Re8 11. b3 Nf8 12. c4 c6 13. c5 Qe7 14. b4 Bd7 15. a4 a6 16. Nc2 g6 17. Nb3 h5 18. h3 h4 19. Na5 Reb8 20. f4 exf3 21. Bxf3 Bf5 22. Ra3 N8h7 23. Ne1 Ng5 24. Bg4 Nxg4 25. hxg4 Be4 26. Ra2 Kg7 27. Nf3 h3 28. Nxg5 Qxg5 29. gxh3 Qxe3+ 30. Rff2 Rh8 31. Kf1 Rxh3 32. Rh2 Bd3+ 0-1

[Event "EU-ch Seniors 65 22nd"]
[Site "Acqui Terme"]
[Date "2023.05.28"]
[Round "3"]
[White "Vepkhvishvili, Varlam"]
[Black "Thjomoe, Hans Richard"]
[Result "1/2-1/2"]
[WhiteElo "2037"]
[BlackElo "1831"]
[PlyCount "119"]
[EventDate "2023.05.26"]
[EventType "swiss"]
[EventRounds "9"]
[EventCountry "ITA"]
[SourceTitle "CBM 214 Extra"]
[Source "ChessBase"]
[SourceDate "2023.07.31"]
[SourceVersion "1"]
[SourceVersionDate "2023.07.31"]
[SourceQuality "1"]

1. d4 f5 2. c3 Nf6 3. Bf4 d6 4. e3 e6 5. h3 Be7 6. Nf3 Nc6 7. Nbd2 0-0 8. Bh2 Bd7 9. Be2 Be8 10. 0-0 h6 11. b4 a6 12. a4 Qd7 13. Qb3 b6 14. c4 a5 15. b5 Nb4 16. Rac1 c5 17. dxc5 dxc5 18. Rcd1 Bd6 19. Ne5 Qc7 20. Ndf3 Rd8 21. Rd2 Ne4 22. Rdd1 Bh5 23. g4 fxg4 24. hxg4 Be8 25. Bd3 Ng5 26. Nxg5 hxg5 27. Bb1 Rf6 28. f4 Bxe5 29. fxe5 Rxf1+ 30. Kxf1 Rxd1+ 31. Qxd1 Qd7 32. Qd6 Kf7 33. Bg3 g6 34. Be1 Qxd6 35. exd6 e5 36. Kg2 Ke6 37. e4 Kxd6 38. Bd2 Bf7 39. Bxg5 Bxc4 40. Bd8 Bb3 41. Bxb6 Bxa4 42. Bxa5 Bxb5 43. Kg3 Nd3 44. Kh4 c4 45. Kg5 Bc6 46. Kxg6 Bxe4+ 47. Kf6 Nf2 48. Ba2 Nxg4+ 49. Kg5 Ne3 50. Bd2 Nf1 51. Bc3 Bd5 52. Bb4+ Ke6 53. Bb1 Bf3 54. Bg6 Ne3 55. Bh7 Nd5 56. Bg8+ Kd7 57. Bxd5 Bxd5 58. Kf5 e4 59. Ke5 Kc6 60. Kd4 1/2-1/2

[Event "Wch Seniors 65 29th"]
[Site "Bucharest"]
[Date "2019.11.23"]
[Round "11"]
[White "Babula, Milan"]
[Black "Vepkhvishvili, Varlam"]
[Result "0-1"]
[WhiteElo "2175"]
[BlackElo "2069"]
[PlyCount "100"]
[EventDate "2019.11.12"]
[EventType "swiss"]
[EventRounds "11"]
[EventCountry "ROU"]
[SourceTitle "CBM 193 Extra"]
[Source "ChessBase"]
[SourceDate "2020.01.31"]
[SourceVersion "1"]
[SourceVersionDate "2020.01.31"]
[SourceQuality "1"]

1. e4 e5 2. Nf3 Nc6 3. Bb5 a6 4. Ba4 Nf6 5. 0-0 Be7 6. Re1 b5 7. Bb3 d6 8. c3 0-0 9. h3 Na5 10. Bc2 c5 11. d3 Re8 12. Nbd2 Nc6 13. Nf1 Bf8 14. Bg5 h6 15. Bxf6 Qxf6 16. Ne3 Ne7 17. Bb3 Be6 18. Nh2 Rad8 19. Nhg4 Qg5 20. Qf3 h5 21. Nh2 Ng6 22. Nd5 Rd7 23. Nf1 Nf4 24. Ng3 g6 25. a4 h4 26. axb5 axb5 27. Ne2 Nxh3+ 28. Kh2 Nf4 29. Nexf4 exf4 30. Ra5 Bh6 31. Qe2 Rb7 32. Qd1 c4 33. dxc4 bxc4 34. Qd4 Bg7 35. Qxc4 f3 36. gxf3 Be5+ 37. Kh1 Rc8 38. Qa4 Qd2 39. Rf1 Qe2 40. Kg1 Qxf3 41. Bd1 Qh3 42. f4 Rxb2 43. Bc2 Bxd5 44. fxe5 Qg3+ 45. Kh1 h3 46. Rg1 Qf3+ 47. Kh2 Qf2+ 48. Kh1 Rxc2 49. Qxc2 Qxc2 50. exd5 Qe4+ 0-1

[Event "Wch Seniors 65 29th"]
[Site "Bucharest"]
[Date "2019.11.21"]
[Round "9"]
[White "Segal, Yosef"]
[Black "Vepkhvishvili, Varlam"]
[Result "0-1"]
[WhiteElo "1803"]
[BlackElo "2069"]
[PlyCount "68"]
[EventDate "2019.11.12"]
[EventType "swiss"]
[EventRounds "11"]
[EventCountry "ROU"]
[SourceTitle "CBM 193 Extra"]
[Source "ChessBase"]
[SourceDate "2020.01.31"]
[SourceVersion "1"]
[SourceVersionDate "2020.01.31"]
[SourceQuality "1"]

1. d4 Nf6 2. c4 g6 3. Nc3 Bg7 4. g3 0-0 5. e4 d6 6. Bg2 Nbd7 7. Nge2 e5 8. d5 a5 9. 0-0 Nc5 10. h3 Bd7 11. b3 Qe7 12. Be3 Kh8 13. Qd2 Ng8 14. Rae1 f5 15. Bxc5 dxc5 16. f4 exf4 17. Nxf4 Bd4+ 18. Kh2 Qg7 19. Nce2 Be5 20. Nd3 Bd6 21. e5 Bxe5 22. Nxc5 b6 23. Nd3 Bd6 24. Nef4 Rae8 25. Rxe8 Rxe8 26. Re1 Rxe1 27. Qxe1 Nf6 28. Qe2 Kg8 29. Ne6 Qe7 30. Ndf4 Be8 31. Bf3 h6 32. h4 Nd7 33. Nd3 Qxh4+ 34. Kg1 Bxg3 0-1

[Event "Wch Seniors 65 29th"]
[Site "Bucharest"]
[Date "2019.11.14"]
[Round "3"]
[White "Pavlytchev, Mikhail"]
[Black "Vepkhvishvili, Varlam"]
[Result "1/2-1/2"]
[WhiteElo "1771"]
[BlackElo "2069"]
[PlyCount "129"]
[EventDate "2019.11.12"]
[EventType "swiss"]
[EventRounds "11"]
[EventCountry "ROU"]
[SourceTitle "CBM 193 Extra"]
[Source "ChessBase"]
[SourceDate "2020.01.31"]
[SourceVersion "1"]
[SourceVersionDate "2020.01.31"]
[SourceQuality "1"]

1. e4 e5 2. Nf3 Nc6 3. Bb5 a6 4. Ba4 Nf6 5. d3 d6 6. c3 Be7 7. 0-0 0-0 8. Re1 b5 9. Bb3 Na5 10. Bc2 c5 11. Nbd2 Nc6 12. Nf1 Qc7 13. Ne3 Re8 14. d4 Bf8 15. d5 Ne7 16. a4 Qb7 17. c4 Bd7 18. b3 b4 19. Nh4 g6 20. g4 Qc8 21. h3 Ra7 22. Kh2 Bg7 23. Rg1 Rf8 24. Rg3 Kh8 25. Qf3 Qd8 26. Bd2 Ne8 27. g5 f6 28. Qg2 fxg5 29. Nf3 h6 30. Rh1 Nf6 31. h4 g4 32. Nxg4 Nxg4+ 33. Rxg4 Bxg4 34. Qxg4 Qc8 35. Qg3 Ng8 36. Kg2 Raf7 37. Bd1 Ne7 38. Be3 Rf4 39. Bxf4 Rxf4 40. Nd2 Kh7 41. h5 gxh5 42. Bxh5 Qf8 43. f3 Bf6 44. Nf1 Bg5 45. Ne3 Qg7 46. Bg4 Rf8 47. Nf5 Qf6 48. Nxe7 Qxe7 49. Bf5+ Kh8 50. Be6 Qf6 51. Rh5 Re8 52. Qg4 Qg7 53. Bf5 Re7 54. Be6 Qg6 55. Bf5 Qf6 56. Kf1 Rg7 57. Rh1 a5 58. Qh5 Be3 59. Ke2 Bf4 60. Kf2 Rg8 61. Bg4 Bd2 62. Qf5 Qg7 63. Rh5 Rf8 64. Qe6 Rf6 65. Qe8+ 1/2-1/2

[Event "EU-ch Seniors 65 19th"]
[Site "Rhodes"]
[Date "2019.04.13"]
[Round "8"]
[White "Gruzmann, Boris"]
[Black "Vepkhvishvili, Varlam"]
[Result "1-0"]
[WhiteElo "2186"]
[BlackElo "2098"]
[PlyCount "65"]
[EventDate "2019.04.06"]
[EventType "swiss"]
[EventRounds "9"]
[EventCountry "GRE"]
[SourceTitle "CBM 189 Extra"]
[Source "ChessBase"]
[SourceDate "2019.06.03"]
[SourceVersion "1"]
[SourceVersionDate "2019.06.03"]
[SourceQuality "1"]

1. e4 e5 2. Nf3 Nc6 3. Bb5 a6 4. Ba4 Nf6 5. 0-0 Be7 6. Re1 b5 7. Bb3 d6 8. c3 0-0 9. d4 Bg4 10. d5 Na5 11. Bc2 c6 12. h3 Bh5 13. dxc6 Qc7 14. Nbd2 Qxc6 15. Nf1 Rac8 16. Ng3 Bg6 17. Nh4 Rfe8 18. Nhf5 Bf8 19. Bg5 Nd7 20. h4 f6 21. Bc1 Kh8 22. Qg4 Nc5 23. h5 Bf7 24. Qh4 Nd7 25. Rd1 b4 26. Qg4 bxc3 27. Rxd6 cxb2 28. Bxb2 Qxc2 29. Rxd7 Qxb2 30. Rxf7 Qxa1+ 31. Kh2 g5 32. hxg6 Kg8 33. gxh7+ 1-0

[Event "Wch Seniors 65 28th"]
[Site "Bled"]
[Date "2018.11.27"]
[Round "9"]
[White "Korenevski, Oleg"]
[Black "Vepkhvishvili, Varlam"]
[Result "0-1"]
[WhiteElo "1797"]
[BlackElo "2073"]
[PlyCount "76"]
[EventDate "2018.11.18"]
[EventType "swiss"]
[EventRounds "11"]
[EventCountry "SLO"]
[SourceTitle "CBM 187 Extra"]
[Source "ChessBase"]
[SourceDate "2018.11.04"]
[SourceVersion "1"]
[SourceVersionDate "2018.11.04"]
[SourceQuality "1"]

1. e4 e5 2. Nf3 Nc6 3. d4 exd4 4. Bc4 Be7 5. Nxd4 d6 6. 0-0 Nf6 7. Nc3 0-0 8. Re1 a6 9. a4 Bg4 10. f3 Bd7 11. Be3 Rb8 12. Nxc6 Bxc6 13. Nd5 Nxd5 14. Bxd5 Bf6 15. c3 Qd7 16. Bd4 Be5 17. Bxe5 dxe5 18. Bxc6 Qxc6 19. Qc2 b5 20. b4 Rfd8 21. a5 Rd4 22. Rac1 Rc4 23. Red1 h6 24. Rd5 Re8 25. Qd2 Re6 26. g4 Kf8 27. h4 Rd6 28. Rxd6 cxd6 29. Kf2 Ke7 30. Qe3 d5 31. exd5 Qxd5 32. Ke2 Rc7 33. Rd1 Qe6 34. Qd3 Qc4 35. Qxc4 Rxc4 36. Rd3 h5 37. gxh5 Rxh4 38. Rd5 Rxh5 0-1

[Event "Wch Seniors 65 28th"]
[Site "Bled"]
[Date "2018.11.23"]
[Round "6"]
[White "Vepkhvishvili, Varlam"]
[Black "Gruzmann, Boris"]
[Result "1-0"]
[WhiteElo "2073"]
[BlackElo "2215"]
[PlyCount "55"]
[EventDate "2018.11.18"]
[EventType "swiss"]
[EventRounds "11"]
[EventCountry "SLO"]
[SourceTitle "CBM 187 Extra"]
[Source "ChessBase"]
[SourceDate "2018.11.04"]
[SourceVersion "1"]
[SourceVersionDate "2018.11.04"]
[SourceQuality "1"]

1. d4 Nf6 2. c3 g6 3. Nf3 Bg7 4. Bf4 d6 5. e3 0-0 6. Be2 Qe8 7. 0-0 Nc6 8. h3 e5 9. Bh2 Qe7 10. Nbd2 a6 11. h4 Kh8 12. Qb3 exd4 13. cxd4 Be6 14. Qa3 Bd5 15. Rac1 h6 16. b4 g5 17. Bd3 Ne4 18. Qb2 f5 19. b5 axb5 20. Bxb5 f4 21. Rce1 Nxd2 22. Nxd2 f3 23. gxf3 Bxf3 24. Nxf3 Rxf3 25. Be2 Rxe3 26. fxe3 Qxe3+ 27. Kg2 Nxd4 28. Bc4 1-0

[Event "Wch Seniors 50 26th"]
[Site "Marianske Lazne"]
[Date "2016.11.30"]
[Round "11"]
[White "Kolesar, Milan"]
[Black "Vepkhvishvili, Varlam"]
[Result "0-1"]
[WhiteElo "2194"]
[BlackElo "2086"]
[PlyCount "158"]
[EventDate "2016.11.19"]
[EventType "swiss"]
[EventRounds "11"]
[EventCountry "CZE"]
[SourceTitle "CBM 175 Extra"]
[Source "ChessBase"]
[SourceDate "2016.12.12"]
[SourceVersion "1"]
[SourceVersionDate "2016.12.12"]
[SourceQuality "1"]

1. Nf3 Nf6 2. c4 g6 3. g3 Bg7 4. Bg2 0-0 5. d4 d6 6. 0-0 Nbd7 7. Nc3 e5 8. e4 c6 9. b3 exd4 10. Nxd4 Re8 11. h3 Nc5 12. Re1 Nfd7 13. Be3 a5 14. Qc2 Ne5 15. Rad1 Qb6 16. f4 Ned7 17. Bf2 a4 18. Rb1 axb3 19. axb3 Qb4 20. Re2 Ne6 21. Nxe6 fxe6 22. Na4 b5 23. Be1 Qa3 24. cxb5 cxb5 25. Nb2 Bb7 26. Nd3 Rec8 27. Qd1 Bc3 28. Rc2 b4 29. Bf2 Qa6 30. Nc1 Nf6 31. Re2 e5 32. Nd3 Rd8 33. g4 d5 34. Nc5 Qb5 35. Nxb7 Qxb7 36. exd5 exf4 37. Bh4 Rxd5 38. Bxd5+ Nxd5 39. Re6 Ne3 40. Qe2 Bd4 41. Kh2 Rc8 42. Rxe3 Bxe3 43. Qd3 Qc6 44. Rd1 Qc2+ 45. Qxc2 Rxc2+ 46. Kh1 Rc7 47. Be1 Rb7 48. Kg2 g5 49. Kf3 h6 50. Rd6 Kg7 51. h4 Bc5 52. Rc6 Be7 53. hxg5 hxg5 54. Rc4 Kf6 55. Re4 Bd6 56. Bd2 Bc5 57. Rc4 Rb5 58. Re4 Bd6 59. Be1 Be7 60. Bd2 Kf7 61. Be1 Ke8 62. Bd2 Kd7 63. Be1 Bd6 64. Bd2 Rd5 65. Bxb4 Rd3+ 66. Ke2 Rxb3 67. Be1 f3+ 68. Kf1 Bf4 69. Bd2 Bg3 70. Rd4+ Ke6 71. Rc4 Rd3 72. Rc2 Kd5 73. Be1 Bf4 74. Rc3 Rxc3 75. Bxc3 Be3 76. Ba5 Ke4 77. Bc7 Bd4 78. Bd8 Kf4 79. Bc7+ Kxg4 0-1

[Event "Wch Seniors 50 26th"]
[Site "Marianske Lazne"]
[Date "2016.11.29"]
[Round "10"]
[White "Vepkhvishvili, Varlam"]
[Black "Petran, Peter"]
[Result "0-1"]
[WhiteElo "2086"]
[BlackElo "2302"]
[PlyCount "110"]
[EventDate "2016.11.19"]
[EventType "swiss"]
[EventRounds "11"]
[EventCountry "CZE"]
[SourceTitle "CBM 175 Extra"]
[Source "ChessBase"]
[SourceDate "2016.12.12"]
[SourceVersion "1"]
[SourceVersionDate "2016.12.12"]
[SourceQuality "1"]

1. e4 g6 2. d4 c6 3. Be2 d5 4. e5 f6 5. exf6 exf6 6. Nf3 Bd6 7. Be3 Ne7 8. c4 dxc4 9. Bxc4 Nd7 10. Nc3 Nb6 11. Bb3 Bf5 12. 0-0 Qd7 13. Nd2 Ned5 14. Nde4 Be7 15. a4 a5 16. Re1 0-0-0 17. Rc1 Bb4 18. Nc5 Qg7 19. Qf3 Kb8 20. Nxd5 Nxd5 21. Re2 Ka7 22. Bd2 Bxd2 23. Rxd2 Rhe8 24. Bxd5 Rxd5 25. h3 Bc8 26. b4 b6 27. Nb3 axb4 28. Rxc6 Rf5 29. Qg3 Bb7 30. Rc7 Re7 31. Rdc2 Rg5 32. Rxb7+ Rxb7 33. Qd3 Rc7 34. Re2 Rc3 35. Qd1 Qb7 36. f4 Rd5 37. Re6 Qc7 38. a5 bxa5 39. Qe2 Rc6 40. Re7 Rd7 41. Re8 Rc1+ 42. Kh2 Rc3 43. Qe4 Qc6 44. Qb1 Rc7 45. Re2 Qd5 46. Nc5 Qxd4 47. Ne6 Qc4 48. Ra2 Rc5 49. Nxc5 Qxf4+ 50. g3 Qxg3+ 51. Kh1 Qxh3+ 52. Rh2 Qf3+ 53. Kg1 Qe3+ 54. Kg2 Rxc5 55. Rxh7+ Kb6 0-1

[Event "Wch Seniors 50 26th"]
[Site "Marianske Lazne"]
[Date "2016.11.20"]
[Round "2"]
[White "Vepkhvishvili, Varlam"]
[Black "Stentebjerg Hansen, Per"]
[Result "0-1"]
[WhiteElo "2086"]
[BlackElo "2262"]
[PlyCount "124"]
[EventDate "2016.11.19"]
[EventType "swiss"]
[EventRounds "11"]
[EventCountry "CZE"]
[SourceTitle "CBM 175 Extra"]
[Source "ChessBase"]
[SourceDate "2016.12.12"]
[SourceVersion "1"]
[SourceVersionDate "2016.12.12"]
[SourceQuality "1"]

1. d4 d5 2. Nf3 Nf6 3. Bf4 c5 4. c3 Nc6 5. e3 Qb6 6. Qb3 c4 7. Qxb6 axb6 8. Na3 Ra5 9. Nc2 Bf5 10. Nb4 Nxb4 11. cxb4 Ra8 12. a3 e6 13. Rc1 h6 14. Be2 b5 15. 0-0 Be7 16. Nd2 0-0 17. f3 Bh7 18. Bg3 Rfd8 19. Nb1 Bxb1 20. Rxb1 Bd6 21. Be1 e5 22. Bc3 e4 23. f4 Nh7 24. g4 g6 25. Kg2 Kg7 26. h4 f6 27. Ra1 g5 28. fxg5 fxg5 29. Rf5 Bc7 30. Raf1 Rd7 31. Be1 Rf8 32. hxg5 hxg5 33. Bg3 Bxg3 34. Kxg3 Rdf7 35. Rxf7+ Rxf7 36. Ra1 Rf8 37. a4 Ra8 38. a5 Ra6 39. Kf2 Rh6 40. Ra3 Nf8 41. Ke1 Nd7 42. Kd2 Nb8 43. b3 Na6 44. bxc4 dxc4 45. Bxc4 bxc4 46. Kc3 Nc7 47. Ra1 Rc6 48. Kc2 Nd5 49. b5 Rh6 50. Ra3 Nc7 51. b6 Nd5 52. a6 bxa6 53. b7 Rb6 54. Ra5 Nxe3+ 55. Kd2 Ng2 56. Rxg5+ Kf6 57. Rf5+ Kg6 58. Kc3 Rxb7 59. Re5 e3 60. Kxc4 Rb2 61. Kc3 Ra2 62. Kb3 Rf2 0-1

[Event "Wch Seniors 50 25th"]
[Site "Acqui Terme"]
[Date "2015.11.15"]
[Round "6"]
[White "Vepkhvishvili, Varlam"]
[Black "Habibi, Ali"]
[Result "1/2-1/2"]
[WhiteElo "2106"]
[BlackElo "2258"]
[PlyCount "104"]
[EventDate "2015.11.10"]
[EventType "swiss"]
[EventRounds "11"]
[EventCountry "ITA"]
[SourceTitle "CBM 169 Extra"]
[Source "ChessBase"]
[SourceDate "2015.12.18"]
[SourceVersion "1"]
[SourceVersionDate "2015.12.18"]
[SourceQuality "1"]

1. d4 Nf6 2. c3 d6 3. Bf4 Nbd7 4. Nf3 g6 5. e3 Bg7 6. Be2 0-0 7. 0-0 Qe8 8. h3 e5 9. Bh2 Qe7 10. Nbd2 Ne8 11. a4 e4 12. Ne1 f5 13. Nc2 Kh8 14. b4 Ndf6 15. c4 a5 16. b5 b6 17. Nb3 Be6 18. Rc1 d5 19. c5 g5 20. Ne1 Bd7 21. Be5 g4 22. h4 Nh5 23. Bxg7+ Nexg7 24. g3 f4 25. exf4 e3 26. Rc3 exf2+ 27. Rxf2 Nf5 28. Ng2 Nhxg3 29. Nd2 h5 30. Kh2 Ne4 31. Nxe4 dxe4 32. Kg1 Rad8 33. Ne3 Nxe3 34. Rxe3 Bf5 35. cxb6 cxb6 36. Bf1 Qf6 37. d5 Rd6 38. Bg2 Rfd8 39. Bxe4 Bxe4 40. Rxe4 Rxd5 41. Qe2 Rd1+ 42. Kg2 Qxh4 43. Re8+ Rxe8 44. Qxe8+ Kg7 45. Qe5+ Kf7 46. Qf5+ Kg7 47. Qe5+ Qf6 48. Qxh5 Qe6 49. Qe5+ Kf7 50. Qc7+ Rd7 51. Qc6 Rd6 52. Qc2 Qd5+ 1/2-1/2

[Event "Poti Aleksandria Cup 9th"]
[Site "Poti"]
[Date "2014.07.16"]
[Round "5"]
[White "Gavasheli, Ana"]
[Black "Vepkhvishvili, Varlam"]
[Result "1-0"]
[WhiteElo "2135"]
[BlackElo "2187"]
[PlyCount "99"]
[EventDate "2014.07.13"]
[EventType "swiss"]
[EventRounds "9"]
[EventCountry "GEO"]
[SourceTitle "CBM 161 Extra"]
[Source "ChessBase"]
[SourceDate "2014.08.29"]
[SourceVersion "1"]
[SourceVersionDate "2014.08.29"]
[SourceQuality "1"]

1. c4 Nf6 2. Nf3 g6 3. g3 Bg7 4. Bg2 0-0 5. Nc3 d6 6. d3 e5 7. e4 Nc6 8. 0-0 Bg4 9. h3 Be6 10. Nd5 Nd4 11. Nxd4 exd4 12. Nxf6+ Qxf6 13. f4 Qe7 14. f5 Bd7 15. Qf3 f6 16. g4 g5 17. h4 h6 18. hxg5 fxg5 19. Kf2 Be5 20. Rh1 Kg7 21. Bd2 Qf6 22. Rh3 Rh8 23. Rah1 b5 24. cxb5 Bxb5 25. Rh5 c5 26. Qh3 Kf7 27. Bf1 Kg7 28. Bxg5 Qxg5 29. Rxg5+ hxg5 30. Qg2 Rxh1 31. Qxh1 Rh8 32. Qf3 Rh2+ 33. Bg2 a6 34. b3 Bf4 35. Kg1 Rh4 36. Bf1 Be3+ 37. Kg2 Kf6 38. a4 Be8 39. e5+ dxe5 40. Be2 Bf4 41. Qa8 Bf7 42. Qxa6+ Kg7 43. Qb7 Rh2+ 44. Kf1 e4 45. Qxe4 Bxb3 46. Qb7+ Bf7 47. Bf3 Rh8 48. Bd5 Rf8 49. a5 Kg8 50. a6 1-0

[Event "Keres Memorial op"]
[Site "Tallinn"]
[Date "2014.01.16"]
[Round "9"]
[White "Vepkhvishvili, Varlam"]
[Black "Dragun, Valentin"]
[Result "1-0"]
[WhiteElo "2185"]
[BlackElo "2002"]
[PlyCount "117"]
[EventDate "2014.01.10"]
[EventType "swiss"]
[EventRounds "9"]
[EventCountry "EST"]
[SourceTitle "CBM 158 Extra"]
[Source "ChessBase"]
[SourceDate "2014.02.28"]
[SourceVersion "1"]
[SourceVersionDate "2014.02.28"]
[SourceQuality "1"]

1. d4 Nf6 2. c3 g6 3. Bf4 Bg7 4. Nf3 0-0 5. e3 d6 6. Be2 Nbd7 7. 0-0 Qe8 8. h3 e5 9. Bh2 Qe7 10. Nbd2 Re8 11. a4 e4 12. Ne1 Nf8 13. b4 h5 14. Qb3 Bf5 15. a5 a6 16. Rc1 Ne6 17. b5 axb5 18. Qxb5 h4 19. Kh1 c6 20. Qb4 Red8 21. Nc4 Bf8 22. Nb6 Nd5 23. Nxd5 cxd5 24. Nc2 Qc7 25. Ra1 Rdc8 26. Ra3 Nd8 27. Rfa1 Be7 28. Qb5 Bd7 29. Qxd5 Be6 30. Qb5 Qc6 31. Qxc6 Nxc6 32. c4 Nb8 33. Ra4 Na6 34. Rb1 Ra7 35. Na3 Bd7 36. Nb5 Bxb5 37. cxb5 Nb8 38. Bc4 b6 39. a6 Nd7 40. Bd5 Nf6 41. Bc6 g5 42. d5 Kg7 43. f3 exf3 44. gxf3 Nh5 45. Kg2 f5 46. e4 Ng3 47. Bxg3 hxg3 48. exf5 Bf6 49. Kxg3 Be5+ 50. Kg2 Kf6 51. h4 gxh4 52. Rxh4 Rg8+ 53. Rg4 Rxg4+ 54. fxg4 Kg5 55. Kf3 Rh7 56. Ke4 Bf4 57. Bb7 Re7+ 58. Kd4 Be5+ 59. Kd3 1-0

[Event "Keres Memorial-B"]
[Site "Tallinn"]
[Date "2013.01.16"]
[Round "6"]
[White "Chukavin, Kirill"]
[Black "Vepkhvishvili, Varlam"]
[Result "1/2-1/2"]
[WhiteElo "1884"]
[BlackElo "2256"]
[PlyCount "129"]
[EventDate "2013.01.13"]
[EventType "tourn"]
[EventRounds "9"]
[EventCountry "EST"]
[SourceTitle "CBM 152 Extra"]
[Source "ChessBase"]
[SourceDate "2013.02.25"]
[SourceVersion "1"]
[SourceVersionDate "2013.02.25"]
[SourceQuality "1"]

1. e4 e5 2. Nf3 Nc6 3. d4 exd4 4. Nxd4 Nf6 5. Nc3 Bb4 6. Nxc6 bxc6 7. Bd3 d5 8. exd5 cxd5 9. 0-0 0-0 10. Bg5 c6 11. Na4 Be7 12. Re1 Rb8 13. c3 Be6 14. Bc2 h6 15. Bxf6 Bxf6 16. Qd3 Re8 17. Qh7+ Kf8 18. f4 Ke7 19. Qd3 g6 20. Qf3 Kf8 21. f5 gxf5 22. Bxf5 Qd6 23. Bxe6 Rxe6 24. Rxe6 Qxe6 25. Nc5 Qd6 26. Nd7+ Qxd7 27. Qxf6 Kg8 28. Qxh6 Qe7 29. Qd2 Re8 30. Rf1 Qh4 31. Qf2 Qh5 32. Qg3+ Kf8 33. Qd6+ Kg8 34. Qg3+ Kf8 35. Qf3 Qxf3 36. gxf3 Kg7 37. Kf2 Kf6 38. Re1 Rh8 39. Kg3 Rg8+ 40. Kf4 Rg2 41. Rb1 Rxh2 42. a3 a5 43. b4 Rc2 44. b5 cxb5 45. Rxb5 Rxc3 46. Rxa5 Rc4+ 47. Ke3 Ke5 48. f4+ Kd6 49. Ra6+ Kc5 50. Rf6 Rc3+ 51. Kd2 Rxa3 52. Rxf7 Kd4 53. Rh7 Ra2+ 54. Kd1 Kd3 55. Rh3+ Ke4 56. f5 Rf2 57. f6 d4 58. f7 Rxf7 59. Kd2 Rf2+ 60. Kd1 Kd5 61. Rg3 Kc4 62. Rh3 Rg2 63. Rf3 Rh2 64. Rg3 Rh1+ 65. Kd2 1/2-1/2

[Event "Poti Aleksandria Cup 7th"]
[Site "Poti"]
[Date "2012.07.19"]
[Round "7"]
[White "Sibashvili, Giorgi"]
[Black "Vepkhvishvili, Varlam"]
[Result "0-1"]
[WhiteElo "2033"]
[BlackElo "2278"]
[PlyCount "62"]
[EventDate "2012.07.14"]
[EventType "swiss"]
[EventRounds "9"]
[EventCountry "GEO"]
[SourceTitle "CBM 149 Extra"]
[Source "ChessBase"]
[SourceDate "2012.08.24"]
[SourceVersion "1"]
[SourceVersionDate "2012.08.24"]
[SourceQuality "1"]

1. d4 Nf6 2. c4 g6 3. Nc3 Bg7 4. e4 d6 5. Nf3 0-0 6. Be2 Nbd7 7. 0-0 e5 8. Qc2 h6 9. Rd1 Ng4 10. dxe5 Ndxe5 11. Nxe5 Bxe5 12. h3 Nxf2 13. Kxf2 Qh4+ 14. Ke3 f5 15. Bf3 fxe4 16. Qxe4 Qf6 17. Nd5 Qg7 18. Nxc7 Qxc7 19. Qxg6+ Bg7 20. Qxd6 Qf7 21. Kf2 Bxh3 22. Kg1 Be6 23. Be3 Rae8 24. Bxa7 Bxb2 25. Rab1 Qg7 26. Bd4 Bxd4+ 27. Qxd4 Qg5 28. Bxb7 Rf4 29. Qe3 Rf1+ 30. Kxf1 Qxe3 31. Rbc1 Rf8+ 0-1

[Event "Poti Aleksandria Cup 7th"]
[Site "Poti"]
[Date "2012.07.16"]
[Round "4"]
[White "Vepkhvishvili, Varlam"]
[Black "Mammadova, Narmin Fazahir Qizi"]
[Result "1-0"]
[WhiteElo "2278"]
[BlackElo "1990"]
[PlyCount "101"]
[EventDate "2012.07.14"]
[EventType "swiss"]
[EventRounds "9"]
[EventCountry "GEO"]
[SourceTitle "CBM 149 Extra"]
[Source "ChessBase"]
[SourceDate "2012.08.24"]
[SourceVersion "1"]
[SourceVersionDate "2012.08.24"]
[SourceQuality "1"]

1. e4 d5 2. exd5 Nf6 3. c4 c6 4. dxc6 Nxc6 5. Nf3 Bg4 6. Be2 e5 7. d3 h6 8. 0-0 Bd6 9. Nc3 0-0 10. h3 Bf5 11. Be3 Rc8 12. d4 e4 13. Ne1 Bb8 14. f4 exf3 15. Nxf3 Qe7 16. Qd2 Nh5 17. g4 Rfe8 18. Nd5 Qd6 19. Rf2 Ng3 20. gxf5 Ne4 21. Qe1 Nxf2 22. Qxf2 Qg3+ 23. Qxg3 Bxg3 24. f6 Rcd8 25. Kg2 Bf4 26. Bxf4 Rxe2+ 27. Kg3 g5 28. Bc7 Rde8 29. Ne5 Nxd4 30. Ne7+ Kh7 31. Rd1 Ne6 32. Bd6 Nf4 33. Nxf7 Nh5+ 34. Kf3 Re6 35. Kg4 Rxf6 36. Nxg5+ hxg5 37. Kxh5 Rf3 38. Kg4 Rf2 39. Kxg5 Rxb2 40. Rf1 Rg2+ 41. Kh5 Rg7 42. Nd5 Re6 43. Nf6+ Kh8 44. c5 b6 45. Rf5 Rf7 46. Kg5 Kg7 47. c6 Re1 48. c7 Rg1+ 49. Kh4 Rc1 50. Rd5 Rc2 51. Be5 1-0

[Event "Agneaux St Lo IM 7th"]
[Site "Agneaux"]
[Date "2005.07.16"]
[Round "9"]
[White "Coursaget, Nicolas"]
[Black "Vepkhvishvili, Varlam"]
[Result "0-1"]
[WhiteElo "2358"]
[BlackElo "2401"]
[PlyCount "64"]
[EventDate "2005.07.08"]
[EventType "tourn"]
[EventRounds "9"]
[EventCountry "FRA"]
[EventCategory "5"]
[SourceTitle "CBM 107 Extra"]
[Source "ChessBase"]
[SourceDate "2005.09.01"]
[SourceVersion "1"]
[SourceVersionDate "2005.09.01"]
[SourceQuality "1"]

1. d4 Nf6 2. c4 g6 3. Nc3 Bg7 4. e4 0-0 5. f4 d6 6. Nf3 c5 7. d5 a6 8. a4 Bg4 9. h3 Bxf3 10. Qxf3 Nbd7 11. Bd3 e6 12. 0-0 exd5 13. cxd5 Rc8 14. g4 c4 15. Bc2 b5 16. axb5 axb5 17. g5 Nh5 18. e5 dxe5 19. f5 e4 20. Bxe4 Bd4+ 21. Kg2 b4 22. Nb5 Ne5 23. Qd1 Bxb2 24. Bxb2 Qxg5+ 25. Kh2 Qg3+ 26. Kh1 Qxh3+ 27. Kg1 Qe3+ 28. Rf2 c3 29. Bc1 Qxe4 30. Nd6 c2 31. Qxh5 Qe1+ 32. Kg2 gxh5 0-1

[Event "Agneaux St Lo IM 7th"]
[Site "Agneaux"]
[Date "2005.07.13"]
[Round "6"]
[White "Vepkhvishvili, Varlam"]
[Black "Poley, Vladimir"]
[Result "1-0"]
[WhiteElo "2401"]
[BlackElo "2397"]
[PlyCount "79"]
[EventDate "2005.07.08"]
[EventType "tourn"]
[EventRounds "9"]
[EventCountry "FRA"]
[EventCategory "5"]
[SourceTitle "CBM 107 Extra"]
[Source "ChessBase"]
[SourceDate "2005.09.01"]
[SourceVersion "1"]
[SourceVersionDate "2005.09.01"]
[SourceQuality "1"]

1. d4 g6 2. e4 Bg7 3. Nc3 d5 4. exd5 Nf6 5. Bb5+ Bd7 6. Be2 0-0 7. Bf3 Bc8 8. Nge2 Nbd7 9. 0-0 Rb8 10. a4 a6 11. Nf4 Nb6 12. a5 Nc4 13. b3 Nd6 14. Ba3 b6 15. axb6 cxb6 16. Nd3 Bb7 17. Re1 Rc8 18. Bb2 Qc7 19. Nb4 a5 20. Nc6 Rfe8 21. Re5 Ra8 22. Qe2 Nf5 23. Nb5 Qd7 24. c4 Nh4 25. Re1 Nxf3+ 26. Qxf3 Bf8 27. Ba3 a4 28. Nxe7+ Kg7 29. h3 Ng8 30. Nxg8 Kxg8 31. Bxf8 Kxf8 32. bxa4 Rxe5 33. dxe5 Rxa4 34. e6 Qe7 35. Nd6 f5 36. Nxb7 Qxb7 37. e7+ Ke8 38. Qc3 Ra8 39. Qh8+ Kd7 40. e8Q+ 1-0